All satisfactory parts quiz - Statistics

General Stats
  • This quiz has been taken 12 times
  • The average score is 94 of 196
Answer Stats
Answer % Correct
Copper Ore
100%
Fuel
100%
Iron Ore
100%
Iron Plate
100%
Iron Rod
100%
Limestone
100%
Nitrogen Gas
100%
SAM Ore
100%
Uranium ore
100%
Water
100%
Biomass
80%
Cable
80%
Caterium Ore
80%
Coal
80%
Copper Ingot
80%
Copper Powder
80%
Crude Oil
80%
Heavy Modular Frame
80%
Iron Ingot
80%
Modular Frame
80%
Motor
80%
Nuclear Pasta
80%
Plastic
80%
Raw Quartz
80%
Reinforced Iron Plate
80%
Rotor
80%
Rubber
80%
Screws
80%
Solid Biofuel
80%
Stator
80%
Sulfur
80%
Turbofuel
80%
Wire
80%
AI Limiter
60%
Alclad Aluminum Sheet
60%
Alien Protein
60%
Aluminum Casing
60%
Aluminum Ingot
60%
Bacon Agaric
60%
Bauxite
60%
Beryl Nut
60%
Caterium Ingot
60%
Compacted Coal
60%
Computer
60%
Concrete
60%
Crystal Oscillator
60%
Ficsonium
60%
Gas Mask
60%
Hazmat Suit
60%
Heat Sink
60%
High-Speed Connector
60%
Iron Rebar
60%
Jetpack
60%
Leaves
60%
Liquid Biofuel
60%
Mercer Sphere
60%
Mycelia
60%
Packaged Fuel
60%
Packaged Liquid Biofuel
60%
Packaged Rocket Fuel
60%
Packaged Turbofuel
60%
Parachute
60%
Quickwire
60%
Rebar Gun
60%
Rocket Fuel
60%
Silica
60%
Smart Plating
60%
Somersloop
60%
Steel Beam
60%
Steel Ingot
60%
Steel Pipe
60%
Sulfuric Acid
60%
Supercomputer
60%
Superposition Oscillator
60%
Turbo Motor
60%
Uranium Fuel Rod
60%
Wood
60%
Xeno-Basher
60%
Xeno-Zapper
60%
AI Expansion Server
40%
Alien DNA Capsule
40%
Alumina Solution
40%
Aluminum Scrap
40%
Automated Wiring
40%
Ballistic Warp Drive
40%
Battery
40%
Biochemical Sculptor
40%
Black Powder
40%
Blade Runners
40%
Blue Power Slug
40%
Candy Cane
40%
Circuit Board
40%
Cluster Nobelisk
40%
Cooling System
40%
Copper Sheet
40%
Dark Matter Crystal
40%
Dark Matter Residue
40%
Diamonds
40%
Dissolved Silica
40%
Electromagnetic Control Rod
40%
Empty Canister
40%
Empty Fluid Tank
40%
Encased Industrial Beam
40%
Encased Plutonium Cell
40%
Encased Uranium Cell
40%
Explosive Rebar
40%
Fabric
40%
FICSIT Coupon
40%
Ficsite Ingot
40%
Ficsite Trigon
40%
FICSMAS Gift
40%
Ficsonium Fuel Rod
40%
Fused Modular Frame
40%
Gas Nobelisk
40%
Hard Drive
40%
Heavy Oil Residue
40%
Hoverpack
40%
Ionized Fuel
40%
Medicinal Inhaler
40%
Neural-Quantum Processor
40%
Nitric Acid
40%
Nobelisk
40%
Nobelisk Detonator
40%
Non-Fissile Uranium
40%
Nuke Nobelisk
40%
Object Scanner
40%
Packaged Alumina Solution
40%
Packaged Heavy Oil Residue
40%
Packaged Ionized Fuel
40%
Packaged Nitric Acid
40%
Packaged Nitrogen Gas
40%
Packaged Oil
40%
Packaged Sulfuric Acid
40%
Packaged Water
40%
Paleberry
40%
Petroleum Coke
40%
Plutonium Fuel Rod
40%
Plutonium Pellet
40%
Plutonium Waste
40%
Polymer Resin
40%
Portable Miner
40%
Pressure Conversion Cube
40%
Pulse Nobelisk
40%
Purple Power Slug
40%
Quartz Crystal
40%
Radio Control Unit
40%
Reanimated SAM
40%
Rifle
40%
Rifle Ammo
40%
SAM Fluctuator
40%
Shatter Rebar
40%
Singularity Cell
40%
Smokeless Powder
40%
Time Crystal
40%
Turbo Rifle Ammo
40%
Uranium Waste
40%
Yellow Power Slug
40%
Zipline
40%
Adaptive Control Unit
20%
Alien Power Matrix
20%
Assembly Director System
20%
Beacon
20%
Blue FICSMAS Ornament
20%
Candy Cane Basher
20%
Color Cartridge
20%
Copper FICSMAS Ornament
20%
Excited Photonic Matter
20%
Factory Cart
20%
FICSMAS Actual Snow
20%
FICSMAS Bow
20%
FICSMAS Data Cartridge Day 1
20%
FICSMAS Data Cartridge Day 14
20%
FICSMAS Data Cartridge Day 4
20%
FICSMAS Data Cartridge Day 8
20%
FICSMAS Ornament Bundle
20%
FICSMAS Tree Branch
20%
FICSMAS Wonder Star
20%
Flower Petals
20%
Gas Filter
20%
Golden Factory Cart
20%
Homing Rifle Ammo
20%
Iron FICSMAS Ornament
20%
Magnetic Field Generator
20%
Modular Engine
20%
Power Shard
20%
Red FICSMAS Ornament
20%
Snowball
20%
Stun Rebar
20%
Thermal Propulsion Rocket
20%
Versatile Framework
20%
Chainsaw
0%
Fancy Fireworks
0%
FICSMAS Wreath
0%
Iodine-Infused Filter
0%
Sparkly Fireworks
0%
Sweet Fireworks
0%
No matching quizzes found
Score Distribution
Percent of People with Each Score
Percentile by Number Answered
Your Score History
You have not taken this quiz